000 00882cam a22002054a 4500
005 20250605164148.0
008 250528s ||||||||||||||||||||||||d
035 _a19247
020 _a24245127
040 _aGR-AtMCL
_bgre
_dGR-AtMCL
_eAACR2
245 1 _aSport Psychology
260 _bPrentice Hall,
_c1997
300 _a434
505 0 _aPreface, The Foundations of Sport Psychology, Participation in Sport: Why and By Whom, Sport Psychology and Athletic Performance, Sport Psychology Interventions, Sport Fans and Sport Spectators, References, Index.
520 _aPreface, The Foundations of Sport Psychology, Participation in Sport: Why and By Whom, Sport Psychology and Athletic Performance, Sport Psychology Interventions, Sport Fans and Sport Spectators, References, Index.
700 1 _aWann Daniel L
_95482
942 _cBK
999 _c4513
_d4513